| 000 | 00000nam 2200000zi 4500 |
| 001 | 9.890899 |
| 003 | CaOODSP |
| 005 | 20230203075723 |
| 006 | m o d f |
| 007 | cr cn||||||||| |
| 008 | 200826s2019 onca o f000 0 eng d |
| 040 | |aCaOODSP|beng|erda|cCaOODSP |
| 041 | |aeng|afre |
| 043 | |an-cn--- |
| 086 | 1 |aD96-28/2019-PDF |
| 245 | 00|aProtect how you connect : |bassessing possible risks before using social media platforms and apps / |cCanadian Centre for Cyber Security. |
| 246 | 11|aProtégez-vous en ligne : |bévaluer les risques avant d'utiliser les plateformes et applications de médias sociaux / Centre canadien pour la cybersécurité |
| 264 | 1|a[Ottawa] : |bCommunications Security Establishment = Centre de la sécurité des télécommunications, |c[2019] |
| 300 | |a1 online resource (2 unnumbered pages) : |bcolour illustrations |
| 336 | |atext|btxt|2rdacontent |
| 337 | |acomputer|bc|2rdamedia |
| 338 | |aonline resource|bcr|2rdacarrier |
| 500 | |aTitle from caption. |
| 546 | |aText in English and French, French text follows English text. |
| 650 | 0|aComputer security|zCanada. |
| 650 | 0|aSocial media|xSecurity measures|zCanada. |
| 650 | 0|aInstant messaging|xSecurity measures|zCanada. |
| 710 | 2 |aCanadian Centre for Cyber Security, |eissuing body. |
| 792 | |tProtect how you connect : |efre|w(CaOODSP)9.890900 |
| 856 | 40|qPDF|s5.28 MB|uhttps://publications.gc.ca/collections/collection_2020/cstc-csec/D96-28-2019.pdf |